| 000 | 00877nam a2200181Ia 4500 | ||
|---|---|---|---|
| 008 | 100917s9999 xx 000 0 und d | ||
| 082 | _b23281 | ||
| 100 | _aगोखले म. वि. | ||
| 245 | _aकथा रूप शिवराज दर्शन (भा. 1 ) शिव अवतरले महाराष्ट्र देशी | ||
| 260 |
_bअरगडे, कुलकर्णी प्रकाशन _c1974 |
||
| 300 | _a80 | ||
| 365 | _b4 | ||
| 520 | _aबालविभाग | ||
| 630 | _aकथा रूप शिवराज दर्शन (भा. 1 ) शिव अवतरले महाराष्ट्र देशी | ||
| 650 | _aबालविभाग | ||
| 730 | _aकथा रूप शिवराज दर्शन (भा. 1 ) शिव अवतरले महाराष्ट्र देशी | ||
| 942 | _cBOOK | ||
| 999 |
_c628675 _d628672 |
||